A carregar...
| LEADER | 00643nam a2200217Ia 4500 | ||
|---|---|---|---|
| 008 | 141122s9999 xx 000 0 und d | ||
| 020 | |a 8190849786 | ||
| 040 | |c . | ||
| 041 | |a English | ||
| 082 | |a 363.348 | ||
| 082 | |b VAI/IN | ||
| 100 | |a S Vaidyanathan | ||
| 245 | |a Introduction to Disaster Management Natural Disasters and Manmade Hazards | ||
| 245 | |c S Vaidyanathan | ||
| 260 | |b Ikon | ||
| 260 | |b New Delhi | ||
| 260 | |c 2011 | ||
| 300 | |a 423 Pages | ||
| 942 | |c BK | ||
| 999 | |c 5167 |d 5167 | ||
| 952 | |0 0 |1 0 |4 0 |6 363_348000000000000_VAIIN |7 0 |9 5125 |a COVAS |b COVAS |d 0000-00-00 |l 18 |o 363.348 VAI/IN |p 20956 |r 2020-02-13 |s 2020-02-04 |w 2014-11-26 |y BK | ||